He ain't heavy, he's my lover

Uloženo v:
Podrobná bibliografie
Hlavní autor: Carlucci, Carlo
Médium: Kniha
Jazyk:angličtina
Tagy: Přidat tag
Žádné tagy, Buďte první, kdo vytvoří štítek k tomuto záznamu!

MARC

LEADER 00000nam a2200000 4500
005 20240724165850.0
008 240724b |||||||| |||| 00| 0 eng d
040 |c GP 
100 |a Carlucci, Carlo 
245 |a He ain't heavy, he's my lover 
942 |2 ddc  |c BK  |n 0 
952 |0 0  |1 0  |2 ddc  |4 0  |6 741_000000000000000_CAR  |7 1  |9 1696  |a RM  |b RM  |d 2024-07-24  |l 0  |o 741 CAR  |p 443  |r 2024-07-24 16:59:10  |w 2024-07-24  |y BK 
999 |c 1509  |d 1509